000 00660nam a2200229Ia 4500
003 OSt
005 20220923214508.0
006 a|||||r|||| 00| 0
007 ta
008 220922b |||||||| |||| 00| 0 hin d
024 _a170,052
037 _cTextual
040 _aARTS
_cARTS
_bhin
041 _2hin
_ahin
082 _aO152:3N021x, J1;1
100 _aजोशी, इलाचन्द्र
_9156270
245 0 _aदीपावली और होली
246 _aDīpāvalī aur holī
260 _c1951
942 _hO152:3N021x, J1;1
_cTEXL
_2CC
999 _c324416
_d324416